000 00899nam a2200265Ia 4500
003 GCL
008 140319s9999 xx 000 0 ara d
020 _a1089001977
040 _aGCL /
_cGCL
082 0 4 _a812.009
_bف م
100 1 _aفارجاس، لويس
245 1 0 _aالمرشد الى فن المسرح :
_bالدراما /
_cفارجاس، لويس
700 1 _aاحمد سلامة محمد
700 1 _aمرسى سعدالدين
260 _aالقاهرة :
_bالهيئة المصرية العامة للكتاب ،
_c1986
300 _a227 ص ؛
_c24 سم
490 _aالالف كتاب الثانى
_v9
650 0 4 _aالمسرح
650 0 4 _aالمسرحيات
650 0 4 _aالمسارح
650 0 4 _aالحبكة الادبية
650 0 4 _aالمسرحيات اليونانية
650 0 4 _aالمسرحيات - تاريخ ونقد
942 _2ddc
_cBK
999 _c28371
_d28371